Evaluation of Hibiscus esculentus (OKRA) gum as a natural binder in sustained release tablets of propranolol hydrochloride /
Saved in:
| Main Author: | |
|---|---|
| Format: | Thesis Book |
| Language: | English |
| Published: |
2015.
|
| Subjects: | |
| Tags: |
Add Tag
No Tags, Be the first to tag this record!
|
| LEADER | 01503cam a2200349 i 4500 | ||
|---|---|---|---|
| 001 | u1021069 | ||
| 003 | SIRSI | ||
| 005 | 201312191247 | ||
| 008 | 150907t2015 my a t 000 0 eng m | ||
| 040 | |a UMP |e rda | ||
| 096 | |a QV20.5 |b UM 2015 Nurdz | ||
| 100 | 0 | |a Nurul Dhania Zaharuddin, |e author | |
| 245 | 1 | 0 | |a Evaluation of Hibiscus esculentus (OKRA) gum as a natural binder in sustained release tablets of propranolol hydrochloride / |c Nurul Dhania Zaharuddin. |
| 264 | 1 | |c 2015. | |
| 264 | 4 | |c 2015. | |
| 300 | |a xviii, 105 leaves : |b colour illustrations; |c 30cm. | ||
| 336 | |a text |2 rdacontent | ||
| 337 | |a unmediated |2 rdamedia | ||
| 338 | |a volume |2 rdacarrier | ||
| 502 | |b M.Med.Sc. |c Department of Pharmacy, Faculty of Medicine, University of Malaya, |d 2015. | ||
| 504 | |a Bibliography: leaves 79-87. | ||
| 530 | |a Issued also in CD. | ||
| 650 | 2 | |a Abelmoschus |x chemistry | |
| 650 | 2 | |a Abelmoschus |x ultrastructure | |
| 650 | 2 | |a Plant Gums |x chemistry | |
| 650 | 2 | |a Propranolol |x pharmacology | |
| 650 | 2 | |a Propranolol |x administration & dosage | |
| 710 | |a Universiti Malaya. |b Jabatan Farmasi, |e degree granting institution. | ||
| 596 | |a 1 2 | ||
| 900 | |a AI | ||
| 999 | |a QV20.5 UM 2015 NURDZ |w NLM |c 1 |i A515393894 |d 19/11/2015 |f 19/11/2015 |g 1 |l TESIS |m P02MEDKL |r Y |s Y |t TESIS |u 9/9/2015 | ||
| 999 | |a QV20.5 UM 2015 NURDZ |w NLM |c 2 |i A515678707 |d 19/11/2015 |f 19/11/2015 |g 1 |k TESIS |l COUNTER |m P02MEDKL |r Y |s Y |t CD |u 9/9/2015 |o .CIRCNOTE. CD CANNOT BE COPYRIGHT OR DOWNLOAD/CD TIDAK BOLEH DIPINJAM ATAU DIMUATTURUN. | ||
